Journal of Management and Business : Research and Practice

Na minha lista:
Detalhes bibliográficos
Formato: Periódico
Idioma:eslovaco
inglês
Publicado em: Prešov Fakulta manažmentu Prešovskej univerzity
Assuntos:
Tags: Adicionar Tag
Sem tags, seja o primeiro a adicionar uma tag!

MARC

LEADER 00000nas1a2200000$$$4500
001 0122607
005 20250701082853.8
022 |a 1339-9381 
022 |a 1338-0494 
041 0 |a slo 
041 0 |a eng 
044 |a SK 
245 1 0 |a Journal of Management and Business : Research and Practice 
264 1 |a Prešov  |b Fakulta manažmentu Prešovskej univerzity 
500 |a Od roku 2020 vychádza v online verzii 
610 2 0 |a manažment 
610 2 0 |a podnikanie 
610 2 0 |a ekonometria 
610 2 0 |a politika regionálna 
610 2 0 |a marketing